000 01599 a2200265 4500
001 7
005 20260407155401.0
008 260407a2001 arg spa d
003 AR-UNSa-BCEJYS
040 _aAR-UNSa-BCEJYS
_bspa
_cAR-UNSa-BCEJYS
080 _a658.310.8
_xGestión y administración de personal
245 1 0 _aAdministración de personal
020 _a968-444-488-5
250 _a8a. ed.
264 1 _aMéxico :
_bPearson Educación
_c2001
300 _axxviii, 700 p.
_c25 cm.
505 _a1. El papel estratégico de la administración de personal - 2. Las leyes y la igualdad de oportunidades - 3. El análisis de puestos - 4. Planeación y reclutamiento de personal - 5. Las pruebas y la selección de empleados - 6. Como entrevistar a los candidatos - 7. Capacitación y desarrollo de empleados - 8. Cómo administrar la renovación de la organización - 9. Evaluación de desempeño - 10. La administración de carreras y el trato justo - 11. Cómo establecer planes salariales - 12. Retribución por desempeño e incentivos económicos - 13. Prestaciones y servicios - 14. Las relaciones laborales y las negociaciones colectivas - 15. La seguridad y la salud de los empleados - 16. Administración de personal en una empresa internacional
041 _aspa
942 _cBK
590 _aniveau_biblio:m niveau_hierar:0
100 1 _aDessler, Gary
700 1 _aMascaró Sacristán, Pilar
700 1 _aVilla Carrandi, María Covadonga
856 4 1 _uhttps://biblioeco.unsa.edu.ar/pmb/images/libros/Administracion de Personal (Gary Dessler).jpg
_yImagen de portada
_qimage/jpeg
999 _c6
_d6